| 000 | 01265nam a2200229Ia 4500 | ||
|---|---|---|---|
| 001 | 19418 | ||
| 003 | GE_BSU | ||
| 008 | 181216s||||||||xx |||||||||||||| ||und|| | ||
| 040 | _cGE_BSU | ||
| 080 | _a811.353.1(058) | ||
| 245 | _aმოამბე,IX აკად. ნ. მარის სახელობის ენის, ისტორიისა და მატერიალური კულტურის ინსტიტუტის მოამბე Известия института языка, истории и материальной культуры им. акад. Н.Я. Марра,=Bulletin De L'Institut Marr De Langues, D'Histoire et De Culture Materielle | ||
| 245 | _cრედ:ჯანაშია, სიმონ | ||
| 260 | _aთბილისი | ||
| 260 | _bმეცნიერებათა აკადემიის საქართველოს ფილიალის გამომცემლობა | ||
| 260 | _c1940 | ||
| 300 | _a216გვ; ილ,24სმ. | ||
| 520 | _a(ენიმკის) მოამბე | ||
| 541 | _h2ლ. | ||
| 653 | _aენათმეცნიერება,ისტორია,კულტურა | ||
| 653 | _aმოამბე, IX | ||
| 942 | _cBK | ||
| 999 |
_c52398 _d52398 |
||